<?xml version="1.0" encoding="UTF-8"?>
<record
    xmlns:xsi="http://www.w3.org/2001/XMLSchema-instance"
    xsi:schemaLocation="http://www.loc.gov/MARC21/slim http://www.loc.gov/standards/marcxml/schema/MARC21slim.xsd"
    xmlns="http://www.loc.gov/MARC21/slim">

  <leader>02001nam a22002057a 4500</leader>
  <controlfield tag="005">20250412120846.0</controlfield>
  <controlfield tag="008">240826b           ||||| |||| 00| 0 eng d</controlfield>
  <datafield tag="020" ind1=" " ind2=" ">
    <subfield code="a">9780330440059</subfield>
  </datafield>
  <datafield tag="040" ind1=" " ind2=" ">
    <subfield code="c">AL</subfield>
  </datafield>
  <datafield tag="041" ind1=" " ind2=" ">
    <subfield code="a">eng</subfield>
  </datafield>
  <datafield tag="082" ind1=" " ind2=" ">
    <subfield code="2">23</subfield>
    <subfield code="a">302.231</subfield>
    <subfield code="b">VISG</subfield>
  </datafield>
  <datafield tag="100" ind1=" " ind2=" ">
    <subfield code="a">David A Vise</subfield>
    <subfield code="9">177898</subfield>
  </datafield>
  <datafield tag="245" ind1=" " ind2=" ">
    <subfield code="a">Google story</subfield>
  </datafield>
  <datafield tag="260" ind1=" " ind2=" ">
    <subfield code="a">New York</subfield>
    <subfield code="b">Arrow Books</subfield>
    <subfield code="c">2006</subfield>
  </datafield>
  <datafield tag="300" ind1=" " ind2=" ">
    <subfield code="a">viii,326p.</subfield>
    <subfield code="b">PB</subfield>
    <subfield code="c">19.5x13cm.</subfield>
  </datafield>
  <datafield tag="365" ind1=" " ind2=" ">
    <subfield code="2">General</subfield>
  </datafield>
  <datafield tag="520" ind1=" " ind2=" ">
    <subfield code="a">The Google Story is the definitive account of one of the most remarable organizations of our time. Every day over sixty-four million people use Google in more than one hundred languages, running billions of searches for information on everything and anything. Through the creative use of cutting-edge technology and a series of groundbreaking business ideas, Google's thirty-five year old founders, Sergey Brin and Larry Page, have in ten years taken Google from being just another internet start-up to a company with a market value of over US$80 billion. Based on scupulous research and extraordinary access to the inner workings of Google, this book takes you inside the creation and growth of a company that has become so familiar its name is used as a verb around the world. But even as it rides high, Google wrestles with difficult challenges in a business that changes at lightning speed. In this new and updated edition to celebrate Google&#x2019;s 10th birthday, David A. Vise has written a new preface and new final chapter which look at further developments since 2005 and how Google will continue to expand and innovate while trying to follow its founders' mantra: DO NO EVIL 'If you want to know how the Google boys became wealthy and powerful beyond dreams, then David Vise's assiduously researched The Google Story is for you.' Sunday Telegraph 'If Google were to take on critical faculties as well as its other attributes Vise's book would probably come out on top.' The Times</subfield>
  </datafield>
  <datafield tag="650" ind1=" " ind2=" ">
    <subfield code="2">Social Sciences</subfield>
    <subfield code="a">Communication</subfield>
    <subfield code="9">177899</subfield>
  </datafield>
  <datafield tag="942" ind1=" " ind2=" ">
    <subfield code="2">ddc</subfield>
    <subfield code="c">BK</subfield>
  </datafield>
  <datafield tag="999" ind1=" " ind2=" ">
    <subfield code="c">231583</subfield>
    <subfield code="d">231583</subfield>
  </datafield>
  <datafield tag="952" ind1=" " ind2=" ">
    <subfield code="0">0</subfield>
    <subfield code="1">0</subfield>
    <subfield code="2">ddc</subfield>
    <subfield code="4">0</subfield>
    <subfield code="7">0</subfield>
    <subfield code="8">MAJMC</subfield>
    <subfield code="a">SACPG</subfield>
    <subfield code="b">SACPG</subfield>
    <subfield code="d">2024-08-26</subfield>
    <subfield code="l">0</subfield>
    <subfield code="o">302.231 VISG</subfield>
    <subfield code="p">PG024727</subfield>
    <subfield code="r">2024-08-26 00:00:00</subfield>
    <subfield code="w">2024-08-26</subfield>
    <subfield code="y">DB</subfield>
  </datafield>
</record>
